000 00694nam a2200229Ia 4500
003 OSt
005 20220918202022.0
006 a|||||r|||| 00| 0
007 ta
008 220917b |||||||| |||| 00| 0 eng d
024 _a98,181
037 _cTextual
040 _aARTS
_cARTS
_beng
041 _2eng
_aeng
082 _aV2:28h3:K00, D7;K4-;1 (SL)
245 0 _aGood old days of honorable John company being curious reminiscences during the rule of the East India Company from 1600 to 1858
260 _c1964
500 _aPublished previously in 2 volumes
650 _aHISTORY
942 _hV2:28h3:K00, D7;K4-;1 (SL)
_cTEXL
_2CC
999 _c221774
_d221774